[Event "45th Olympiad 2024"]
[Site "Budapest HUN"]
[Date "2024.09.16"]
[Round "6.15"]
[Board "3"]
[White "Thybo, Jesper Sondergaard"]
[Black "Zilka, Stepan"]
[Result "1/2-1/2"]
[WhiteElo "2555"]
[BlackElo "2574"]
[PlyCount "175"]
[EventDate "2024.09.11"]
[WhiteTeam "Denmark"]
[BlackTeam "Czech Republic"]
[WhiteTeamCountry "DEN"]
[BlackTeamCountry "CZE"]

1. d4 d5 2. Nf3 Nf6 3. c4 e6 4. g3 Be7 5. Bg2 O-O 6. O-O dxc4 7. Qc2 a6 8. a4 Nbd7 9. Nbd2 b6 10. Ne5 Nxe5 11. Bxa8 Qxd4 12. Nf3 ({RR} 12. Ne4 Nd5 13. Bf4 Nd3 14. Bxd5 Nxf4 15. Rfd1 Nh3+ 16. Kg2 Qxd5 17. Rxd5 exd5 18. Nc3 c6 19. b3 d4 20. Ne4 c3 21. e3 c5 22. Rd1 f5 23. Nxc3 dxc3 24. Kxh3 f4+ 25. Kg2 fxe3 26. fxe3 Bb7+ {1-0 Gelfand,B (2678)-Kramnik,V (2753) Satty Zhuldyz Blitz 2023 (16.2)}) 12... Nxf3+ 13. Bxf3 Nd5 14. Bd2 a5 $146 ({RR} 14... Bf6 15. e4 Ne7 16. Bc3 Qc5 17. Bxf6 gxf6 18. Rfc1 b5 19. axb5 axb5 20. Qc3 e5 21. b3 Nc6 22. bxc4 b4 23. Qe3 Nd4 24. Bd1 Bb7 25. Bg4 Kg7 26. Rab1 Bc6 27. Bd1 Ra8 28. Ra1 Rb8 29. Ba4 {0-1 Haghshenas,M-Rezaei,R (2205) Teheran zt qual 1997}) ({RR} 14... b5 15. axb5 axb5 16. Rfd1 Qc5 17. e4 Nb4 18. Bxb4 Qxb4 19. e5 f6 20. Ra8 Qc5 21. exf6 Bxf6 22. Qe4 Qe5 23. Qxe5 Bxe5 24. Bg4 h5 25. Bh3 Kh7 26. Rd2 c5 27. Bxe6 Bxe6 28. Rxf8 c3 29. bxc3 {1-0 Jussupow,A (2490)-Agzamov,G (2390) URS Young Masters-ch12 1979}) ({RR} 14... b5 15. axb5 {½-½ Ragger,M (2669)-Nisipeanu,L (2656) Zagreb Peace 2019 (9)}) 15. Rac1 Ba6 16. Rfd1 Bc5 17. Be1 Qe5 18. Bc3 Nxc3 19. Qxc3 Bd6 20. Qxe5 Bxe5 21. Rd2 f5 22. e3 Kf7 23. Be2 c3 24. bxc3 Bb7 25. Bb5 Bd6 26. f4 Rg8 27. Kf2 g5 28. Rg1 Kf6 29. h4 h6 30. Be2 Bc6 31. Bb5 Bb7 32. Rdd1 Bd5 33. Bd3 Bc6 34. Bc2 Bc5 35. Ke2 b5 36. axb5 Bxb5+ 37. Bd3 Bc6 38. fxg5+ hxg5 39. g4 gxh4 40. gxf5 Bg2 41. Be4 h3 42. fxe6 a4 43. Bxg2 hxg2 44. Kf3 a3 45. Rxg2 Ra8 46. Ke4 Kxe6 47. Rdd2 Be7 48. Kd3 Ra4 49. Rh2 Bf6 50. Ra2 c5 51. Rh5 c4+ 52. Kc2 Be7 53. Ra1 Ra8 54. Rb1 a2 55. Ra1 Ra3 56. Kb2 Rb3+ 57. Kxa2 Rxc3 58. Re1 Bb4 59. Re2 Ra3+ 60. Kb1 Rb3+ 61. Rb2 Bc3 62. Rxb3 cxb3 63. Rb5 b2 64. Kc2 Be5 65. Kd3 Kd6 66. Ke4 Kc6 67. Rb3 Bg7 68. Kd3 Be5 69. e4 Kc5 70. Rb7 Kc6 71. Rb3 Kc5 72. Kc2 Kd4 73. Rxb2 Kxe4 74. Rb7 Bd4 75. Kd2 Be5 76. Ke2 Bd4 77. Rb4 Ke5 78. Kd3 Bf2 79. Re4+ Kd5 80. Rf4 Bg3 81. Rf5+ Be5 82. Rh5 Kd6 83. Ke4 Bc3 84. Rd5+ Kc6 85. Rd3 Be1 86. Rd1 Bf2 87. Rc1+ Kd6 88. Rh1 1/2-1/2

[Event "45th Olympiad 2024"]
[Site "Budapest HUN"]
[Date "2024.09.16"]
[Round "6.15"]
[Board "4"]
[White "Krejci, Jan2"]
[Black "Olsen, Filip Boe"]
[Result "0-1"]
[WhiteElo "2556"]
[BlackElo "2441"]
[PlyCount "100"]
[EventDate "2024.09.11"]
[WhiteTeam "Czech Republic"]
[BlackTeam "Denmark"]
[WhiteTeamCountry "CZE"]
[BlackTeamCountry "DEN"]

1. c4 e6 2. Nc3 d5 3. d4 Nf6 4. cxd5 exd5 5. Bg5 Be7 6. e3 h6 7. Bh4 Bg4 8. Nf3 ({RR} 8. Qc2 O-O 9. h3 Be6 10. Bd3 Ne8 11. Bxe7 Qxe7 12. Nge2 Nd6 13. Nf4 c6 14. O-O Nd7 15. Rae1 Rae8 16. f3 Qh4 17. Qf2 Qxf2+ 18. Kxf2 g5 19. Nfe2 f5 20. h4 Kg7 21. Rh1 Nf6 22. hxg5 hxg5 {0-1 Vidit,S (2716)-Carlsen,M (2839) chess.com SpeedChess 2023 (1.11)}) 8... Nbd7 9. h3 ({RR} 9. Bd3 O-O 10. h3 Bxf3 11. Qxf3 c6 12. g4 Re8 13. Bg3 Bb4 14. O-O Bxc3 15. bxc3 Ne4 16. Bxe4 Rxe4 17. c4 Nb6 18. Rfc1 Re7 19. cxd5 Qxd5 20. Qxd5 cxd5 21. Rc5 Rd7 22. Rb1 Na4 23. Rc7 Rxc7 {1-0 Royal,S (2487)-Ter Sahakyan,S (2616) Portuguese Top League 2024 (5.6)}) 9... Bf5 $146 ({RR} 9... Bxf3 10. Qxf3 c6 11. Bd3 O-O 12. O-O Re8 13. Rfd1 Nf8 14. Bxf6 Bxf6 15. b4 Ne6 16. Rdc1 a6 17. a4 Qd6 18. b5 Ng5 19. Qd1 axb5 20. axb5 Rxa1 21. Rxa1 c5 22. dxc5 Qxc5 23. Na4 Qe7 24. Rc1 {0-1 Ernst,S (2539)-Van Foreest,J (2695) ch-NED KO 2023 (2.1)}) 10. Bd3 Bxd3 11. Qxd3 c6 12. O-O O-O 13. Bxf6 Nxf6 14. Ne5 Bd6 15. f4 Re8 16. g4 Nd7 17. Rf2 Qe7 18. Re1 Rad8 19. Nf3 Nf6 20. g5 Ne4 21. Rg2 hxg5 22. Nxg5 Nxg5 23. fxg5 Qe6 24. e4 Qg6 25. Qf3 Bb4 26. e5 c5 27. Rf1 Bxc3 28. bxc3 Re7 29. h4 Qe4 30. Qf2 Qg6 31. Qe2 Qe4 32. Qf2 Qg6 33. Qe2 Qe4 34. Qd2 Qxh4 35. Rf4 Qh5 36. Qe1 cxd4 37. Rh4 Rxe5 38. Qf2 Qd1+ 39. Kh2 Re1 40. Rxd4 Rh1+ 41. Kg3 Qc1 42. Qd2 Rc8 43. Qxc1 Rxc1 44. Rxd5 R1xc3+ 45. Kf4 R8c4+ 46. Ke5 Rc5 47. Rxc5 Rxc5+ 48. Kd6 Ra5 49. Ke7 b6 50. Kd6 Kh7 0-1

[Event "45th Olympiad 2024"]
[Site "Budapest HUN"]
[Date "2024.09.16"]
[Round "6.16"]
[Board "1"]
[White "Rodrigue-Lemieux, Shawn"]
[Black "Yilmaz, Mustafa"]
[Result "1-0"]
[WhiteElo "2509"]
[BlackElo "2587"]
[PlyCount "79"]
[EventDate "2024.09.11"]
[WhiteTeam "Canada"]
[BlackTeam "Turkiye"]
[WhiteTeamCountry "CAN"]

1. e4 c5 2. Nf3 d6 3. d4 cxd4 4. Nxd4 Nf6 5. Nc3 a6 6. Bd3 e5 7. Nde2 Be7 8. O-O O-O 9. Ng3 Bg4 10. Be2 Be6 11. Nd5 ({RR} 11. Be3 g6 12. a4 Nbd7 13. Qd2 Rc8 14. a5 Re8 15. Nd5 Bxd5 16. exd5 Nc5 17. f3 h5 18. b4 Ncd7 19. c4 h4 20. Ne4 h3 21. g3 Nxe4 22. fxe4 Nf6 23. Qd3 Qd7 24. Rac1 Ng4 25. Bb6 Bg5 {1-0 Karjakin,S (2748)-Giri,A (2779) Riga FIDE GP 2019 (1.3)}) ({RR} 11. Be3 g6 12. Bh6 Re8 13. Qd2 Nc6 14. Nd5 Bxd5 15. exd5 Nd4 16. Bd1 Qd7 17. c3 Nf5 18. Nxf5 Qxf5 19. Bc2 Qd7 20. h3 Bf8 21. Bg5 Bg7 22. Rfe1 Qb5 23. a4 Qc5 24. Rad1 Rac8 25. Be3 Qc4 {0-1 Cheshko,D (1629)-Grebnev,A (2540) Bronstein 100 Minsk Open 2024 (1.2)}) 11... Nxd5 12. exd5 Bc8 13. a4 $146 ({RR} 13. c4 f5 14. Qc2 Qc7 15. Bd2 a5 16. Rfc1 Na6 17. f3 g6 18. a3 h5 19. Kh1 h4 20. Nf1 h3 21. gxh3 Kg7 22. Ne3 Rh8 23. Rg1 Kf7 24. Rg2 Bd7 25. Rag1 Rag8 26. Bd3 Nc5 27. Nxf5 Nxd3 {1-0 Costa,L (2165)-Pikalow,M (2021) GER-ch U14 Willingen 2020 (4)}) ({RR} 13. f4 Nd7 14. Kh1 f5 15. a4 g6 16. a5 Bf6 17. c4 Bg7 18. b4 h5 19. Bxh5 gxh5 20. Nxh5 e4 21. Nxg7 Kxg7 22. Bb2+ Nf6 23. Ra3 Rh8 24. c5 Bd7 25. Qd4 Kf7 26. Rc1 Rc8 27. Rac3 dxc5 {½-½ Svidler,P (2701)-Donchenko,A (2641) EU-Cup 36th Struga 2021 (2.2)}) ({RR} 13. f4 Nd7 14. Nf5 Bf6 15. c3 exf4 16. Bxf4 Ne5 17. Nd4 Re8 18. Kh1 Bg5 19. Qd2 Bxf4 20. Qxf4 Bd7 21. Rad1 Qb6 22. Rd2 Re7 23. h3 Rae8 24. Bd3 Qc5 25. Nb3 Qc7 26. Nd4 Qa5 27. Bb1 Nc4 {0-1 Aronian,L (2742)-Svidler,P (2689) Levitov Chess Week Rapid 2023 (9.5)}) 13... f5 14. a5 Nd7 15. c4 e4 16. b4 Bf6 17. Ra3 Be5 18. f4 exf3 19. Raxf3 g6 20. Bh6 Rf7 21. Qd2 Nf6 22. Bf4 Bxf4 23. Qxf4 b6 24. Qg5 Kf8 25. Bd3 bxa5 26. Bxf5 Bxf5 27. Nxf5 Ne4 28. Qxd8+ Rxd8 29. Nd4 Rdd7 30. c5 Nd2 31. Rxf7+ Rxf7 32. Rc1 Ke8 33. c6 Kd8 34. b5 axb5 35. Nxb5 Rf8 36. Nxd6 Kc7 37. Nb5+ Kb6 38. c7 Kxb5 39. d6 Nb3 40. c8=Q 1-0

[Event "45th Olympiad 2024"]
[Site "Budapest HUN"]
[Date "2024.09.16"]
[Round "6.16"]
[Board "2"]
[White "Gurel, Ediz"]
[Black "Thavandiran, Shiyam"]
[Result "1-0"]
[WhiteElo "2602"]
[BlackElo "2388"]
[PlyCount "123"]
[EventDate "2024.09.11"]
[WhiteTeam "Turkiye"]
[BlackTeam "Canada"]
[BlackTeamCountry "CAN"]

1. e4 e6 2. d4 d5 3. Nc3 Nf6 4. e5 Nfd7 5. f4 c5 6. Nf3 Nc6 7. Be3 a6 8. Ne2 Qb6 9. Qc1 Be7 ({RR} 9... cxd4 10. Nexd4 Nxd4 11. Nxd4 f6 12. exf6 Nxf6 13. Bd3 Bc5 14. c3 Qc7 15. O-O e5 16. fxe5 Qxe5 17. Bf4 Bxd4+ 18. Kh1 Qe7 19. cxd4 O-O 20. Be5 Ne4 21. Rxf8+ Qxf8 22. Qc7 {1-0 Pichot,A (2652)-Thavandiran,S (2399) American Continental 16th 2022 (6)}) 10. c3 Qa5 $146 ({RR} 10... O-O 11. h4 f6 12. h5 cxd4 13. Nexd4 Nxd4 14. Bxd4 Qc7 15. Qe3 f5 16. b4 a5 17. a3 b6 18. Bb5 Nc5 19. O-O Rb8 20. Rab1 Ne4 21. Rfc1 Bc5 22. c4 axb4 23. axb4 Bxd4 24. Nxd4 dxc4 25. Bxc4 {1-0 Fromm,M (2465)-Kurt,O (2124) 10th Cesme Open A 2024 (1.9)}) ({RR} 10... O-O 11. g3 f6 12. Bg2 cxd4 13. cxd4 Qa5+ 14. Nc3 Nb6 15. exf6 Bxf6 16. b3 Bd7 17. O-O Rac8 18. Qd2 Be7 19. Ne2 Qxd2 20. Bxd2 Rc7 21. Rac1 Rfc8 22. f5 Ba3 23. Rce1 Bb4 24. Bxb4 Nxb4 25. fxe6 {1-0 Caruana,F (2764)-Carlsen,M (2853) 11th Norway Chess 2023 (1.1)}) ({RR} 10... O-O 11. g3 a5 12. Qc2 cxd4 13. Nexd4 Nc5 14. Rb1 Bd7 15. Be2 Rac8 16. O-O Ne4 17. Kh1 Bc5 18. Bd3 Nxd4 19. Nxd4 f6 20. exf6 Rxf6 21. Rfe1 Re8 22. Bxe4 dxe4 23. Qxe4 Bxd4 24. Bxd4 Qb5 25. Kg1 {½-½ So,W (2770)-Nepomniachtchi,I (2792) FTX Crypto Cup KO rapid 2021 (2.11)}) ({RR} 10... O-O 11. g3 f6 12. Bg2 cxd4 13. cxd4 Qa5+ 14. Bd2 Qd8 15. O-O Nb6 16. exf6 Rxf6 17. b3 Bd7 18. Ne5 Nc8 19. f5 Nb6 20. fxe6 Nxe5 21. Rxf6 Bb5 22. dxe5 gxf6 23. Nd4 fxe5 24. Nf5 Be8 25. Ba5 {1-0 Vallejo Pons,F (2705)-Danielsen,H (2542) EU-chT (Men) 18th 2011 (1.1)}) 11. Kf2 Qc7 12. Kg1 b5 13. h4 cxd4 14. cxd4 Nb6 15. h5 Bd7 16. b3 Rc8 17. Qe1 Nb4 18. Qg3 Kf8 19. Ne1 Qd8 20. Bd2 Na8 21. a3 Nc6 22. Nd3 a5 23. Qf2 Nb6 24. g4 a4 25. b4 Nc4 26. Bc1 Qb6 27. f5 Ke8 28. Rh3 Kd8 29. Rf3 Kc7 30. Bf4 Kb7 31. Bg3 Nd2 32. Rf4 Ka8 33. Rd1 Nc4 34. Rf3 Qa7 35. Nc5 Bxc5 36. bxc5 N6a5 37. Bg2 Nb3 38. fxe6 Bxe6 39. Nc3 Qd7 40. Rf4 Rhf8 41. Qf3 Rcd8 42. Bh4 Nxa3 43. Bxd8 Rxd8 44. Qd3 g6 45. hxg6 hxg6 46. Rf6 Ka7 47. Rdf1 Nc4 48. R1f4 b4 49. Nxd5 Bxd5 50. c6 Nc1 51. Qd1 b3 52. cxd7 Bxg2 53. Qxc1 Bd5 54. Qc3 b2 55. Qb4 Rxd7 56. Qxa4+ Kb8 57. Qxd7 b1=Q+ 58. Rf1 Qe4 59. Qd8+ Kb7 60. Rxf7+ Ka6 61. R7f6+ Kb5 62. Qb8+ 1-0

[Event "45th Olympiad 2024"]
[Site "Budapest HUN"]
[Date "2024.09.16"]
[Round "6.16"]
[Board "3"]
[White "Preotu, Razvan"]
[Black "Erdogmus, Yagiz Kaan"]
[Result "1-0"]
[WhiteElo "2451"]
[BlackElo "2592"]
[PlyCount "93"]
[EventDate "2024.09.11"]
[WhiteTeam "Canada"]
[BlackTeam "Turkiye"]
[WhiteTeamCountry "CAN"]

1. Nf3 d5 2. g3 c6 3. Bg2 Bg4 4. O-O e6 5. h3 Bh5 6. c4 Nd7 7. d4 Ngf6 8. cxd5 exd5 9. Ne5 Be7 10. Nc3 Bg6 11. f4 Be4 12. Nxe4 Nxe4 13. Bxe4 dxe4 14. Qb3 Nxe5 15. dxe5 Bc5+ $146 ({RR} 15... Qb6+ 16. Be3 Bc5 17. Qxb6 Bxb6 18. Kf2 Ke7 19. Rfd1 Rhd8 20. a3 f6 21. exf6+ gxf6 22. Bxb6 axb6 23. Ke3 Rg8 24. g4 h5 25. Rg1 hxg4 26. hxg4 Rad8 27. b4 Ke6 28. Kxe4 Rd2 29. Kf3 Rh8 30. Rh1 {1-0 Anuj,S (2404)-Raja,R (2476) 23rd Dubai Open 2023 (5.30)}) 16. Be3 Bxe3+ 17. Qxe3 Qb6 18. Kf2 Ke7 19. a4 Rhd8 20. a5 Qxe3+ 21. Kxe3 Rd5 22. a6 Rb5 23. axb7 Rxb7 24. Rfc1 Rb6 25. Ra2 a5 26. Kxe4 Rb4+ 27. Kf3 Ra6 28. e3 a4 29. Rca1 g5 30. b3 Rxb3 31. Rxa4 Rxa4 32. Rxa4 gxf4 33. gxf4 Rc3 34. Ke4 Rc2 35. Ra7+ Kf8 36. Kf5 Rg2 37. e6 fxe6+ 38. Kxe6 Rg6+ 39. Ke5 Rg3 40. e4 Rxh3 41. f5 Rh4 42. Kf6 Rh6+ 43. Kg5 Rd6 44. Rxh7 c5 45. Rc7 Rd4 46. e5 c4 47. e6 1-0

[Event "45th Olympiad 2024"]
[Site "Budapest HUN"]
[Date "2024.09.16"]
[Round "6.16"]
[Board "4"]
[White "Can, Emre"]
[Black "Noritsyn, Nikolay"]
[Result "1-0"]
[WhiteElo "2547"]
[BlackElo "2451"]
[PlyCount "109"]
[EventDate "2024.09.11"]
[WhiteTeam "Turkiye"]
[BlackTeam "Canada"]
[BlackTeamCountry "CAN"]

1. e4 {Grandelius,Nils} e6 2. d4 d5 3. e5 c5 4. c3 Nc6 5. Nf3 Bd7 ({RR} 5... Qb6) 6. Be2 Nge7 7. O-O Nf5 ({RR} 7... Ng6) 8. dxc5 a5 ({RR} 8... Bxc5 9. b4) 9. Bd3 Bxc5 10. a4 ({RR} 10. Nbd2 a4 11. b4 axb3 12. Nxb3 Bb6) ({RR} 10. Bxf5 exf5 11. Qxd5 Qb6) ({RR} 10. Nbd2 a4 11. b4 axb3 12. Nxb3 Bb6 13. Re1 O-O 14. Bg5 Qc7 15. Qd2 Ra4 16. h3 h6 17. Bf4 Nce7 18. Bh2 Nh4 19. Nfd4 Nhg6 20. Rac1 Rfa8 21. Bb1 Rc4 22. Bd3 Rca4 23. Bb1 Rc4 24. Re3 Rc8 {1-0 Jones,G (2684)-Van Foreest,J (2691) Sigeman & Co 26th 2021 (7)}) 10... h6 ({RR} 10... O-O 11. Bxf5 exf5 12. Qxd5) ({RR} 10... O-O 11. Na3 h6 12. Bxf5 exf5 13. Nb5 Be6 14. h4 Qb6 15. Qd3 Rad8 16. Nbd4 Nxd4 17. Nxd4 Bxd4 18. cxd4 Rc8 19. b3 Rc6 20. Bd2 Rfc8 21. Qb5 Qxd4 22. Bxa5 Qxh4 23. Bd2 Rc2 24. Rac1 Qd4 25. Be3 {0-1 Bacrot,E (2683)-Lupulescu,C (2589) Chessable Masters Play-In 2024 (7)}) 11. Nbd2 Ba7 12. Nb3 Nh4 $146 ({RR} 12... O-O 13. Bc2 ({RR} 13. Bxf5 exf5 14. Qxd5 Be6) 13... Nh4 ({RR} 13... Qc7 14. Re1 Rae8 15. g4) 14. Nxh4 Qxh4 15. Qd3 f5 ({RR} 15... Qe4 16. Qxe4 dxe4 17. Bxe4 Nxe5 18. Nxa5 Bb6 19. Nxb7 f5 20. Bc2 Bc6 21. Nd6 Bc5 22. Nxf5 exf5 23. b4) ({RR} 15... g6 16. Qe2) 16. exf6 Rxf6 17. Be3 Ne5 ({RR} 17... Bxe3 18. fxe3) ({RR} 17... Bb8 18. f4) 18. Qh7+ Kf7 19. Bxa7 Rxa7 ({RR} 19... Nf3+ 20. gxf3) 20. Rae1 ({RR} 20. Nd4 Ng4 21. h3 Nxf2 22. Bg6+) 20... Ng4 ({RR} 20... Ng6 21. Bxg6+ Rxg6 22. Re3) 21. h3 Nxf2 22. Bg6+ ({RR} 22. Re2 Nxh3+ 23. gxh3 Qg3+ 24. Rg2 Qe3+ 25. Kh2 Qe5+ 26. Kg1) ({RR} 22. Re3) 22... Ke7 ({RR} 22... Kf8 23. Re3) 23. Bf5 ({RR} 23. Qxg7+ Kd6 24. Re3) 23... Kd6 ({RR} 23... Kd8 24. Nd4 Rxf5 25. Nxf5 Nxh3+ 26. gxh3 exf5 27. Qxg7) 24. Nd4 Ne4 ({RR} 24... exf5 25. Rxf2 Qg3 26. Qg8 Kc7 27. Re7) 25. Bxe4 Rxf1+ 26. Rxf1 Qxe4 27. Qg8 {1-0 Grandelius,N (2662)-Bluebaum,M (2640) FIDE Grand Swiss 2021 (11)} {RR} Kc7 28. Qxg7 Ra8 29. Nb5+ Kc6 30. Qe7) 13. Bf4 O-O 14. Nxh4 Qxh4 15. Bg3 Qg5 16. Kh1 f5 17. f4 Qd8 18. Bf2 Bxf2 19. Rxf2 Qb6 20. Rd2 g5 21. Qh5 Rf7 22. Bb5 gxf4 23. Re1 Kg7 24. Nc1 Be8 25. Nd3 Kh7 26. Nxf4 Rg7 27. Qe2 Bf7 28. Rd3 Na7 29. Rh3 Nxb5 30. axb5 Rag8 31. b3 Rg5 32. Rd1 Rg4 33. Qd2 R8g5 34. c4 dxc4 35. bxc4 Qc7 36. Qd4 b6 37. Rf3 Rg7 38. h3 R4g5 39. Rc3 Qb7 40. Rd2 Bg8 41. Kh2 Rc7 42. Qe3 Rc5 43. Rd6 a4 44. Qd4 Rg7 45. Ra3 Bf7 46. Rxa4 Qe4 47. Qxe4 fxe4 48. Nxe6 Bxe6 49. Rxe6 Rgc7 50. Kg3 Rf7 51. Rf6 Rg7+ 52. Kf4 Rxg2 53. Ra7+ Kg8 54. Rc6 Rf2+ 55. Ke3 1-0

[Event "45th Olympiad 2024"]
[Site "Budapest HUN"]
[Date "2024.09.16"]
[Round "6.17"]
[Board "1"]
[White "Haring, Filip"]
[Black "Theodorou, Nikolas"]
[Result "1/2-1/2"]
[WhiteElo "2503"]
[BlackElo "2619"]
[PlyCount "147"]
[EventDate "2024.09.11"]
[WhiteTeam "Slovakia"]
[BlackTeam "Greece"]
[WhiteTeamCountry "SVK"]
[BlackTeamCountry "GRE"]

1. e4 e5 2. Nf3 Nf6 3. Nxe5 d6 4. Nf3 Nxe4 5. Nc3 Nf6 6. d4 Be7 7. Bd3 O-O 8. h3 d5 ({RR} 8... Re8 9. O-O Nbd7 10. Ne2 Nf8 11. c4 Ng6 12. b3 d5 13. Qc2 c6 14. c5 Ne4 15. b4 a6 16. a4 Bf6 17. Be3 Nh4 18. Nxh4 Bxh4 19. Bf4 h6 20. Rab1 Ng5 21. Kh2 Ne6 22. Be5 Bd7 23. b5 {1-0 Nepomniachtchi,I (2717)-Grischuk,A (2785) World Cup ACP rapid 2013 (4.4)}) 9. O-O c5 10. dxc5 Bxc5 ({RR} 10... h6 11. Be3 Nc6 12. Ne2 Nb4 13. c3 Nxd3 14. Qxd3 b6 15. cxb6 axb6 16. Rfd1 Ba6 17. Qc2 Qc7 18. Ned4 Rfd8 19. Nf5 Bf8 20. N3d4 Re8 21. Qc1 Kh7 22. Bf4 Qd7 23. f3 Nh5 24. Bh2 g6 25. Ne3 {0-1 Andrade,I (2140)-Chen,M (2176) Titled Tue 30th Jul Late 2024 (3)}) 11. Ne2 $146 ({RR} 11. a3 a6 12. Bg5 Be6 13. Qd2 Nbd7 14. Rad1 Qc7 15. Rfe1 Rfe8 16. Bf1 Rac8 17. Bf4 Bd6 18. Bxd6 Qxd6 19. Nd4 h6 20. Re3 Nc5 21. Bd3 Qb6 22. b3 Bd7 23. Rde1 Ne6 24. Nce2 Kh8 25. Nf5 Nc5 {1-0 Gusain,H (2461)-Papadopoulos,G (2240) Kavala op 26th 2017 (3)}) ({RR} 11. Bg5 Be7 12. Re1 Be6 13. Nd4 Qd7 14. Nxe6 fxe6 15. Qe2 Nc6 16. Qxe6+ Qxe6 17. Rxe6 d4 18. Ne2 Rae8 19. Bc4 Kh8 20. Nf4 a6 21. Rae1 Bd6 22. Bxf6 Rxe6 23. Bxg7+ {1-0 Aarav Bhavin Mehta (1877)-Kern,B (1546) 45th Arco Open 2023 (5.68)}) 11... Nc6 12. c3 Ne4 13. Bc2 Re8 14. Ned4 Nxd4 15. Nxd4 Qb6 16. Bb3 Qg6 17. Bxd5 Bxh3 18. Qf3 Bd7 19. Bf4 Bg4 20. Qd3 Rad8 21. Bxb7 Re7 22. Bxe4 Rxe4 23. Qg3 Qf6 24. Bc7 Rde8 25. f3 Rxd4 26. cxd4 Bxd4+ 27. Kh1 Be6 28. Qf4 Rc8 29. Qxf6 Bxf6 30. Rac1 Bxb2 31. Rb1 Bf6 32. Rb8 Rxb8 33. Bxb8 Bxa2 34. Bxa7 h5 35. Rd1 Be6 36. Bd4 Bxd4 37. Rxd4 g5 38. g3 Kg7 39. Kg2 Kf6 40. Kf2 Kg6 41. Ra4 Bd7 42. Ra7 Be6 43. Ra4 Bd7 44. Rb4 Be6 45. Ke3 Bh3 46. Rb8 Kg7 47. Rb5 Kg6 48. f4 f6 49. fxg5 fxg5 50. Rb6+ Kg7 51. Ra6 Kh7 52. Ra2 Kg6 53. Rh2 Bf5 54. Kd4 h4 55. gxh4 gxh4 56. Rxh4 Kg5 57. Rh2 Kf6 58. Rf2 Ke6 59. Ra2 Kf6 60. Ra6+ Kg7 61. Ke5 Bd3 62. Rd6 Bc2 63. Rf6 Bd3 64. Ke6 Bc2 65. Ke7 Bd3 66. Rf3 Bc2 67. Rg3+ Kh8 68. Kf6 Be4 69. Rh3+ Kg8 70. Re3 Bc2 71. Rg3+ Kh8 72. Kf7 Be4 73. Rh3+ Bh7 74. Rh6 1/2-1/2

[Event "45th Olympiad 2024"]
[Site "Budapest HUN"]
[Date "2024.09.16"]
[Round "6.17"]
[Board "2"]
[White "Kourkoulos-Arditis, Stamatis"]
[Black "Sahidi, Samir"]
[Result "1/2-1/2"]
[WhiteElo "2570"]
[BlackElo "2474"]
[PlyCount "71"]
[EventDate "2024.09.11"]
[WhiteTeam "Greece"]
[BlackTeam "Slovakia"]
[WhiteTeamCountry "GRE"]
[BlackTeamCountry "SVK"]

1. e4 c5 2. Nf3 d6 3. d4 cxd4 4. Nxd4 Nf6 5. Nc3 a6 6. Be2 e5 7. Nb3 Be6 8. f4 Qc7 9. f5 Bc4 10. Bg5 Nbd7 11. Bxc4 Qxc4 12. Qd3 Qxd3 13. cxd3 Be7 14. Rc1 Bd8 $146 ({RR} 14... O-O 15. O-O Rac8 16. a4 h6 17. Bxf6 Nxf6 18. Na5 d5 19. Nxd5 Nxd5 20. exd5 Bc5+ 21. Kh1 b6 22. Nc6 f6 23. a5 Rc7 24. b4 Bd6 25. axb6 Rb7 26. Na5 Rbb8 27. b7 Bxb4 28. Nc6 Rxb7 29. Rb1 {1-0 Homuth,M-Schuldt,V Oberliga Nord N 9293 1992}) 15. Ke2 h6 16. Bxf6 Nxf6 17. Nd2 b5 18. Nd5 Kd7 19. h4 h5 20. g3 Rg8 21. Rhf1 Rc8 22. Rxc8 Kxc8 23. Rc1+ Kb7 24. Nxf6 Bxf6 25. Nf1 Rc8 26. Rxc8 Kxc8 27. Ne3 Kd7 28. Nd5 Bd8 29. Kf3 g6 30. b4 Kc6 31. f6 Kd7 32. g4 Ke6 33. g5 Kd7 34. Ke2 Kc6 35. d4 Bb6 36. Nxb6 1/2-1/2

[Event "45th Olympiad 2024"]
[Site "Budapest HUN"]
[Date "2024.09.16"]
[Round "6.17"]
[Board "3"]
[White "Druska, Juraj"]
[Black "Papaioannou, Ioannis"]
[Result "0-1"]
[WhiteElo "2441"]
[BlackElo "2615"]
[PlyCount "80"]
[EventDate "2024.09.11"]
[WhiteTeam "Slovakia"]
[BlackTeam "Greece"]
[WhiteTeamCountry "SVK"]
[BlackTeamCountry "GRE"]

1. e4 c5 2. Nf3 d6 3. d4 cxd4 4. Nxd4 Nf6 5. Nc3 a6 6. Be2 e5 7. Nf3 Be7 8. Bg5 Nbd7 9. a4 h6 10. Bxf6 Nxf6 11. Bc4 Be6 12. Qd3 Rc8 13. Nd2 O-O 14. O-O Qc7 15. Bb3 Qc5 $146 ({RR} 15... Rfd8 16. Rfd1 Qc5 17. Nf1 Bxb3 18. cxb3 Qb4 19. Qc2 d5 20. exd5 Bc5 21. a5 Bd4 22. Ra4 Qc5 23. Rc4 Qxa5 24. Ne3 b5 25. Rc6 Rxc6 26. dxc6 Qc7 27. Nf5 g6 28. Nxd4 exd4 29. Ne4 Nxe4 30. Qxe4 {1-0 Aravindh,C (2641)-Vantika,A (2286) Titled Tuesday intern op 26th May blitz 2020 (1)}) 16. Rfd1 Bd8 17. a5 Bg4 18. Rdb1 Bxa5 19. Bxf7+ Rxf7 20. Nb3 Qb6 21. Nxa5 Be6 22. h3 Nh5 23. Qe3 Qxe3 24. fxe3 Nf6 25. Rd1 Rd7 26. Nb3 Bf7 27. Rd3 Bg6 28. Nd2 Rc6 29. Ra4 b5 30. Rb4 Kf8 31. Kf2 Ke7 32. Ke1 Rc5 33. Kd1 Rdc7 34. g4 Be8 35. Rb3 a5 36. Ne2 b4 37. c3 Ba4 38. cxb4 axb4 39. Ke1 Bb5 40. Ng3 g6 0-1

[Event "45th Olympiad 2024"]
[Site "Budapest HUN"]
[Date "2024.09.16"]
[Round "6.17"]
[Board "4"]
[White "Kelires, Andreas"]
[Black "Kostolansky, Sebastian Lukas"]
[Result "1-0"]
[WhiteElo "2536"]
[BlackElo "2405"]
[PlyCount "105"]
[EventDate "2024.09.11"]
[WhiteTeam "Greece"]
[BlackTeam "Slovakia"]
[WhiteTeamCountry "GRE"]
[BlackTeamCountry "SVK"]

1. d4 Nf6 2. c4 e6 3. Nf3 d5 4. g3 Be7 5. Bg2 O-O 6. Nc3 dxc4 7. Ne5 Nc6 8. Bxc6 bxc6 9. Nxc6 Qe8 10. Nxe7+ Qxe7 11. Qa4 c5 12. dxc5 Qxc5 13. Be3 Qc7 14. f3 e5 ({RR} 14... Bb7 15. Kf2 Nd5 16. Nxd5 Bxd5 17. Rhd1 f5 18. Rd4 Qb7 19. Qa3 a6 20. Rad1 h6 21. Bf4 a5 22. Be5 Kh7 23. Qe3 Rf7 24. Rh4 Kg8 25. Bc3 a4 26. a3 Qa7 27. Rdd4 Re8 28. Qe5 Qb8 29. Qe3 {1-0 Aronian,L (2797)-Radjabov,T (2734) Beijing Sportaccord blitz 2014 (24)}) ({RR} 14... a5 15. Rc1 Bd7 16. Qa3 Rfc8 17. Rc2 Qb7 18. Qd6 Ng4 19. Bd4 f6 20. O-O Rc6 21. Qa3 Nh6 22. Rd1 Qb4 23. Bxf6 gxf6 24. Rxd7 Nf5 25. Rd1 Nh6 26. Rd7 Nf5 27. Kh1 Ne3 28. Rcd2 Qxa3 29. bxa3 {½-½ Travesset Sagre,J (2312)-Travesset Ribera,D (2099) 33rd Pobla De Lillet Open 2024 (9.6)}) 15. O-O-O Bb7 $146 ({RR} 15... Be6 16. Qa6 Rfb8 17. Rd2 h6 18. Rhd1 Kh7 19. h4 h5 20. Qd6 Rb7 21. Qxc7 Rxc7 22. Rd8 Rxd8 23. Rxd8 a6 24. Rd6 Bc8 25. Bg5 Ne8 26. Rd8 Bd7 27. Nd5 Rb7 28. Nb6 Bc6 29. Nxc4 f6 30. Be3 {1-0 Mekhitarian,K (2545)-Terao,J (2213) American Continental 15th 2019 (2)}) ({RR} 15... Be6 16. Qa6 Rfb8 17. Rd2 Ne8 18. Rhd1 h6 19. g4 Qe7 20. Qa5 f6 21. h4 Qc7 22. Qxc7 Nxc7 23. Rd6 Rc8 24. Rc6 f5 25. gxf5 Bxf5 26. Rc5 a6 27. Rxe5 Re8 28. Rxf5 Rxe3 29. Rd7 Nb5 30. Kd2 {1-0 Ernst,S (2523)-Werle,J (2544) Hoogeveen final 4 23rd 2019 (1)}) ({RR} 15... Be6 16. Qa6 e4 17. Bf4 Qc5 18. Qd6 Qa5 19. Qc7 Qxc7 20. Bxc7 exf3 21. exf3 Rfc8 22. Bd6 Nd7 23. Nd5 Bxd5 24. Rxd5 Nb6 25. Rd4 Re8 26. Rhd1 Rac8 27. Kc2 h6 28. Re4 Rxe4 29. fxe4 f6 30. Bb4 {½-½ Meshkovs,N (2573)-Rodrigue-Lemieux,S (2469) CAN Transnational Classic 2023 (2.2)}) 16. Qa3 e4 17. f4 Ng4 18. Bc5 Rfc8 19. h3 Nf6 20. Be3 Rd8 21. Rxd8+ Rxd8 22. Qxa7 Nd5 23. Rd1 Nxc3 24. Rxd8+ Qxd8 25. bxc3 Bc6 26. Bd4 Qe8 27. g4 h6 28. h4 Ba4 29. Kd2 Bd7 30. f5 h5 31. gxh5 Bxf5 32. Ke3 f6 33. h6 gxh6 34. Qa6 Be6 35. Qd6 Kf7 36. Qf4 f5 37. Qxh6 Ke7 38. Qg5+ Kd7 39. h5 Qb8 40. Qg7+ Kc6 41. Qe5 Qg8 42. Kf2 Bd5 43. h6 e3+ 44. Bxe3 Qg2+ 45. Ke1 Be4 46. Qf6+ Kd5 47. Qd4+ Ke6 48. Qxc4+ Bd5 49. Qc8+ Ke5 50. Qc7+ Ke6 51. h7 Qh1+ 52. Kd2 Bb7 53. Qc4+ 1-0